[Event "Poznan op 28th"]
[Site "Poznan"]
[Date "2021.08.21"]
[Round "8"]
[White "Kierska, Pola"]
[Black "Zarzycki, Lukasz"]
[Result "0-1"]
[WhiteElo "1107"]
[BlackElo "1494"]
[PlyCount "76"]
[EventDate "2021.08.15"]
[EventType "swiss"]
[EventRounds "9"]
[EventCountry "POL"]
[SourceTitle "CBM 203 Extra"]
[Source "ChessBase"]
[SourceDate "2021.09.30"]
[SourceVersion "1"]
[SourceVersionDate "2021.09.30"]
[SourceQuality "1"]

1. e4 c6 2. d4 d5 3. exd5 cxd5 4. Nf3 Nc6 5. h3 Bf5 6. Bd3 Bxd3 7. Qxd3 e6 8. Bf4 Nge7 9. Nc3 Ng6 10. Bg3 Bd6 11. Bxd6 Qxd6 12. Ne2 0-0 13. 0-0 Rfc8 14. Rfc1 h6 15. c3 Rab8 16. b4 Rc7 17. Rc2 Rbc8 18. Rac1 Nf4 19. Nxf4 Qxf4 20. Qe3 Qxe3 21. fxe3 Nxb4 22. Rd2 Rxc3 23. Rxc3 Rxc3 24. Rb2 a5 25. Kh2 Rc2 26. Rxc2 Nxc2 27. Nd2 Nxe3 28. Nb3 b6 29. Kg3 Nf5+ 30. Kf2 Kf8 31. g4 a4 32. gxf5 axb3 33. axb3 exf5 34. Kf3 Ke7 35. Kf4 Kf6 36. h4 g5+ 37. hxg5+ hxg5+ 38. Kf3 Kg6 0-1